| 000 | 01235cam a2200361 a 4500 | ||
|---|---|---|---|
| 001 | 7015 | ||
| 003 | FISKH | ||
| 005 | 20250617140102.0 | ||
| 008 | 060829s2007 nyua j 000 0 eng | ||
| 010 | _a 2006028818 | ||
| 020 | _a9780764137204 (pbk.) | ||
| 020 | _a0764137204 (pbk.) | ||
| 040 |
_aDLC _cDLC _dDLC _beng |
||
| 050 | _aLB1573.M33 | ||
| 082 | _a372.4 | ||
| 100 | 1 | _aMarx, David F. | |
| 245 | 1 | 0 |
_aSailor Taylor sets sail / _cby David F. Marx ; illustrated by Lynn Avril-Cravath. |
| 260 |
_aNew York : _bBarron's, _c2007. |
||
| 300 |
_a24 pages : _bcolor illustrations ; _c23 cm |
||
| 440 | 0 | _aReader's clubhouse | |
| 505 | 0 | _aSailor Taylor sets sail -- Fun facts about sailing ships -- Activity : build a ship. | |
| 505 | 0 | _aJ | |
| 520 | _aIntroduces young readers to the "ai" and "ay" vowel combinations through a short story of Sailor Taylor's adventures sailing to Spain. | ||
| 521 | 8 |
_a450
_bLexile AD |
|
| 521 | 8 |
_aJ
_bRaz-Plus |
|
| 650 | 0 |
_aReading _xPhonetic method. |
|
| 650 | 0 | _aReaders (Primary) | |
| 650 | 0 |
_aSailing _vJuvenile fiction. |
|
| 700 | 1 |
_aAvril, Lynne, _d1951- _eillustrator |
|
| 906 |
_a7 _bcbc _corignew _d1 _eecip _f20 _gy-gencatlg |
||
| 942 |
_2ddc _cBK _n0 |
||
| 999 |
_c7015 _d7015 |
||